Fighting the fleet : operational art and modern fleet combat /

Fighting the Fleet recognizes that fleets conduct four distinct but interlocking tasks at the operational level of war, striking, screening, scouting and basing, and that successful operational art is achieved when they are brought to bear in a cohesive, competitive scheme. In explaining these eleme...

Full description

Bibliographic Details
Main Authors: Cares, Jeffrey R. (Author), Cowden, Anthony, 1962- (Author)
Other Authors: Swift, Scott H. (writer of foreword.)
Format: Book
Language:English
Published: Annapolis, Maryland : Naval Institute Press, [2021].
Series:U.S. Naval Institute blue & gold professional library.
Subjects:

MARC

Tag First Indicator Second Indicator Subfields
LEADER 00000cam a2200000 i 4500
001 in00004552421
003 OCoLC
005 20220222220005.3
008 210629t20212021mduab b 001 0 eng
010 |a  2021031243 
040 |a DLC  |e rda  |c DLC 
020 |a 9781682477274  |q hardcover 
020 |a 1682477274  |q hardcover 
020 |z 9781682477342  |q electronic book 
035 |a (OCoLC)1245657640 
043 |a n-us--- 
050 0 0 |a VA58.4  |b .C37 2021 
082 0 0 |a 359.40973  |2 23 
100 1 |a Cares, Jeffrey R.,  |e author. 
245 1 0 |a Fighting the fleet :  |b operational art and modern fleet combat /  |c Jeffrey R. Cares and Anthony Cowden ; foreword by ADM Scott Swift, USN (Ret.). 
264 1 |a Annapolis, Maryland :  |b Naval Institute Press,  |c [2021]. 
264 4 |a ©2021. 
300 |a xvii, 189 pages :  |b illustrations, map ;  |c 22 cm. 
336 |a text  |b txt  |2 rdacontent 
337 |a unmediated  |b n  |2 rdamedia 
338 |a volume  |b nc  |2 rdacarrier 
490 1 |a Blue & gold professional library 
504 |a Includes bibliographical references and index. 
520 |a Fighting the Fleet recognizes that fleets conduct four distinct but interlocking tasks at the operational level of war, striking, screening, scouting and basing, and that successful operational art is achieved when they are brought to bear in a cohesive, competitive scheme. In explaining these elements and how they are conjoined for advantage, a central theme emerges. Despite the utility and importance of jointness among the armed forces, the effective employment of naval power requires a specialized language and understanding of naval concepts that is often diluted or completely lost when too much jointness is introduced. 
650 0 |a Sea-power  |z United States  |x History  |y 21st century. 
650 0 |a Military doctrine  |z United States  |x History  |y 21st century. 
650 0 |a Naval tactics  |x History  |y 21st century. 
650 0 |a Naval art and science. 
610 1 0 |a United States.  |b Navy. 
650 0 |a Operational art (Military science) 
700 1 |a Cowden, Anthony,  |d 1962-  |e author. 
700 1 |a Swift, Scott H.,  |e writer of foreword. 
830 0 |a U.S. Naval Institute blue & gold professional library. 
945 |b 172472 
947 |a A14851697129 
948 |a dmitchel 2/21/22 4.00.00 
980 |b print  |c 40030903178  |f NONFIC/B  |g 565714  |k USD  |m 20.21  |q 1  |s AcqMono Conventional  |t Approval plan  |u Vendor order reference number  |v ZYBP  |y Print approval  |z Physical resource 
999 f f |i 16408964-5d71-4719-a33a-18f0d1dff029  |s cdeda9ea-e2d8-420f-8b1b-62c37cab0a2b  |t 0 
952 f f |p normal  |a Texas A&M University  |b College Station  |c Sterling C. Evans Library  |d Evans: Library Stacks  |t 0  |e VA58.4 .C37 2021  |h Library of Congress classification  |i unmediated -- volume  |m A14851697129 
998 f f |a VA58.4 .C37 2021  |t 0  |l Evans: Library Stacks